El asombroso cuerpo humano en tercera dimensión / (Registro nro. 37539)

Detalles MARC
000 -CABECERA
Longitud fija campo de control 00839nam a2200217 4500
003 - • IDENTIFICADOR DELl NÚMERO DE CONTROL
Identificador del número de control CO-ViMGA
020 ## - • NÚMERO INTERNACIONAL NORMALIZADO PARA LIBROS
Número Internacional Normalizado para Libros (ISBN) 9789587661583
040 ## - FUENTE DE LA CATALOGACIÓN
Centro catalogador de origen CO-ViMGA
Lengua de catalogación spa
Centro transcriptor CO-ViMGA
082 04 - • NÚMERO DE LA CLASIFICACIÓN DECIMAL DEWEY
Número de clasificación (R) I611.23
Número del ítem B15a
100 1# - • PUNTO DE ACCESO PRINCIPAL-NOMBRE DE PERSONA
Nombre de persona Bampton, Claire
245 10 - • TITULO PROPIAMENTE DICHO
Título El asombroso cuerpo humano en tercera dimensión /
Mención de responsabilidad, etc. texto, Claire Bampton ; ilustraciones, Lee Montgomery y Anne Sharp ; traducción del inglés, Cristina Ramos Solís
300 ## - • DESCRIPCIÓN FÍSICA
Extensión [12] p.
Otras características físicas col. ; 31 cm.
500 ## - • NOTA GENERAL
Nota general ¡Incluye cinco desplegables y un increíble modelo en 3D
650 14 - • PUNTO DE ACCESO ADICIONAL DE MATERIA - TÉRMINO DE MATERIA
Término de materia o nombre geográfico como elemento inicial Cuerpo humano
Subdivisión de forma Enseñanza
Subdivisión de materia general Literatura juvenil
650 14 - • PUNTO DE ACCESO ADICIONAL DE MATERIA - TÉRMINO DE MATERIA
Término de materia o nombre geográfico como elemento inicial Cuerpo humano
Subdivisión de forma Obras ilustradas
700 1# - • PUNTO DE ACCESO ADICIONAL - NOMBRE DE PERSONA
Nombre de persona Montgomery, lee,
Término indicativo de función il.
700 1# - • PUNTO DE ACCESO ADICIONAL - NOMBRE DE PERSONA
Nombre de persona Ramos Solís, Cristina
Término indicativo de función Tr.
700 1# - • PUNTO DE ACCESO ADICIONAL - NOMBRE DE PERSONA
Nombre de persona Sharp, Anne,
Término indicativo de función il.
942 ## - ENTRADA DE ELEMENTOS AGREGADOS (KOHA)
Fuente de clasificaión o esquema Dewey Decimal Classification
Koha [por defecto] tipo de item LIbro
Existencias
Perdido Fuente de clasificación o esquema Estado Físico No para préstamo Forma de adquisición Localización permanente Localización actual Fecha adquisición Préstamos totales Signatura completa Código de barras Fecha última consulta Número de copia Fecha del precio de reemplazo Tipo de item de Koha
  Dewey Decimal Classification     Sala Infantil Segundo Piso Biblioteca Pública Germán Arciniegas - Villavicencio Biblioteca Pública Germán Arciniegas - Villavicencio 10/10/2016   I611.23 B15a 31228 10/10/2016 Ej. 1 10/10/2016 LIbro









Instituto Departamental de Cultura del Meta - Red Departamental de Bibliotecas Públicas del Meta.